SERVERBLIGHT Victim Names - Statistics

General Stats
  • This quiz has been taken 17 times
    4 since last reset
  • The average score is 44 of 70
Answer Stats
Episode Answer % Correct
The Empty Server Bannockburn
100%
The Empty Server directionz
100%
The Empty Server gayfer
100%
Awareness gods_god
100%
Awareness Greymatter
100%
The Empty Server GUILLIESUIT
100%
Migration JonyDany12
100%
Reflection Mute your chat, pyro
100%
Conviction SAVIOR
100%
Conviction Sir Jonara
100%
The Empty Server spygametf2
100%
The Empty Server TheRealKid
100%
The Empty Server wingedhussar
100%
Reflection BangerofDong87
67%
Reflection BritishStud
67%
Knock cacapopo boss
67%
Knock ChickenOnARaft
67%
Reflection CLASSIC
67%
Assimilation DarkNecroZerker
67%
PUPPET DatChernobylGuy
67%
SERVERBLIGHT DrainDamage
67%
Knock eepiest_dragon
67%
Reflection >NTRON
67%
PUPPET HeadshotFraudster
67%
SERVERBLIGHT Hector0n
67%
SERVERBLIGHT Ichgod
67%
PUPPET I work at subway
67%
Reflection KEYBOARDDESTTROYER2000
67%
Knock Lyn
67%
Reflection MillionD007
67%
Reflection My Celium
67%
Reflection No Body
67%
Awareness OrderofBusiness
67%
Awareness Panzerkampf
67%
Knock pear
67%
SERVERBLIGHT scubamaster96
67%
Awareness Sigismund0
67%
Awareness Snortyy
67%
SERVERBLIGHT SnoWDoom
67%
Assimilation Spaghetti sauce
67%
Reflection spoogz
67%
Assimilation Syrenix
67%
SERVERBLIGHT TANKy
67%
Awareness theGrimJester
67%
SERVERBLIGHT TNT_PRINCE
67%
Knock WeirdCipher
67%
Reflection Zach Hery
67%
Awareness Zia
67%
Awareness ATIK
33%
Knock AvatAro boss
33%
Awareness biggest_beef_cake
33%
Awareness BigStevie
33%
Reflection Bison Man
33%
Awareness CORE HAN
33%
Assimilation Dunkie_Nugg
33%
Awareness Frogg_Gaming
33%
Knock JackalJoker boss
33%
Reflection LeSkulz
33%
Knock Mitox boss
33%
SERVERBLIGHT Pandaria
33%
Awareness Pastra_Gushes
33%
Awareness Rigor Mortis
33%
Reflection rorkesdrift
33%
Conviction Serenemist
33%
Conviction Stigmata
33%
Conviction theGreaterInsult
33%
Awareness Vtuber Physics Engine
33%
Assimilation wo ist die kase?
33%
Knock XBladeMaxX boss
33%
Awareness Zesleu
33%
No matching quizzes found
Score Distribution
Percent of People with Each Score
Percentile by Number Answered
Your Score History
You have not taken this quiz since the last reset